000 02443cam a2200373 a 4500
001 15460412
003 OSt
005 20260526095622.0
008 080922s2009 ilu 001 0 eng
010 _a 2008041694
020 _a9781433503634
_qtpb
020 _a1433503638
_qtpb
020 _a9781433511455
_qpdf
020 _a9781433511462
_qmobipocket
035 _a15460412
035 _a(OCoLC)262891613
040 _aDLC
_cDLC
_dBTCTA
_dDTM
_dDLC
050 0 0 _aBV4597.3
_b.B66 2009
082 0 0 _a233/.5
_222
100 1 _aBorgman, Brian.
245 1 0 _aFeelings and faith :
_bcultivating godly emotions in the Christian life /
_cBrian S. Borgman ; foreword by Bruce Ware.
260 _aWheaton, Ill. :
_bCrossway Books,
_c2009.
300 _a240 p. ;
_c22 cm.
336 _atext
_btxt
_2rdacontent
337 _aunmediated
_bn
_2rdamedia
338 _avolume
_bnc
_2rdacarrier
504 _aIncludes bibliographical references (p. 213-219) and indexes.
505 0 _aIntroduction -- pt. 1. A biblical foundation for understanding our emotions. The character of God -- The character of the Living Word and the Written Word -- A biblical anthropology and the emotions -- pt. 2. Biblical sanctification and our emotions. Our emotions and the authority of the Word of God -- The foundation and priority of truth -- A sound theology of Christian experience -- pt. 3. Mortifying ungodly emotions -- Introduction to mortifying ungodly emotions -- Sinful anger -- Unforgiveness and bitterness -- Fear, anxiety, and worry -- Depression -- pt. 4. Cultivating godly emotions -- An introduction to cultivating godly emotions -- Jesus our pattern, part one -- Jesus our pattern, part two -- Renewing our minds -- The emotions and worship -- The emotions and preaching -- The emotions and faith-building relationships -- The emotions and the Word and prayer -- The emotions and reading, meditation, and imagination -- Appendix 1. Divine impassibility : is God really without passions? -- Appendix 2. A biography bibliography.
650 0 _aEmotions
_xReligious aspects
_xChristianity.
906 _a7
_bcbc
_corignew
_d1
_eecip
_f20
_gy-gencatlg
942 _2lcc
_cBK
999 _c21644
_d21643